| 000 | 00462nam a2200133 a 4500 | ||
|---|---|---|---|
| 008 | 120416s0000 ||||||||||||||||| || u | ||
| 020 | _a0853621519 | ||
| 050 | _aZ 674 Art | ||
| 245 | 0 | 4 | _aThe art of the librarian |
| 260 |
_aNewcastle Upon Tyne _bOriel Press _c1973 |
||
| 300 | _ax, 188p. | ||
| 350 | _a0.00 | ||
| 995 |
_D0.00 _FCBU-MAIN LIBRARY (Kitwe) _H1 _I3.00 _M1 _UAVAILABLE _ZAnnex Low-Usage Collection |
||
| 999 |
_c34876 _d34876 |
||